Putovanie k zázračnému rabbimu jedinečné mauzóleum Chatama Sófera čaká na svoje znovuzrodenie

Bibliographic Details
Main Author: Stanček, Ľubomír (Author)
Format: Article
Language:Slovak
PhysicalDescription:Fotogr.
ISSN:1335-6909
Subjects:

MARC

LEADER 00000nab a2200000 a 4500
001 vtls000756719
003 SK-MaSNL
005 20260426062900.0
008 040806c2001 xo 0 slo
015 |a SNBRB2001/05-15219 
035 |a CLN000108506 
040 |a SNKBUCL  |b slo  |c SNKBUCL  |e AACR2 
041 0 |a slo 
044 |a xo  |c SK 
080 |a 726.822(437.6=924)  |2 UDC-MRF-SK2 
080 |a 718(437.6=924)  |2 UDC-MRF-SK2 
100 1 |a Stanček, Ľubomír  |4 aut  |9 267870 
245 1 0 |a Putovanie k zázračnému rabbimu  |b jedinečné mauzóleum Chatama Sófera čaká na svoje znovuzrodenie  |c Ľubomír Stanček 
300 |b Fotogr. 
610 2 7 |a Mauzóleum Chatama Sofera (Bratislava, Slovensko)  |2 snkbucl  |9 33015 
650 0 7 |a židovské cintoríny  |2 snkbucl  |9 2948 
651 7 |a Bratislava (Slovensko)  |2 SNKPHgeo  |9 14568 
773 0 |t Kormorán  |g Roč. 3, č. 3 (2001), s. 20-21  |x 1335-6909 
850 |a Slovenská národná knižnica v Martine 
852 |a SNK  |b KIS3GCP 
999 |c 2550430  |d 2552360